00528nam a2200193Ia 4500003000400000005001700004008004100021020001500062040000700077041000800084082001900092100002100111245010000132260004000232300001500272365001300287650002100300650001300321OSt20230427105713.0210423s2005 xx 000 0 und d a8176499587 cAL aeng a423.1 ESPV223 aESPY (Willard R) aViva facts on file dictionary of writer's library words to rhyme with for poets and songwriters aNew DelhibViva Books Pvt Ltdc2005 axi,676bPB b225cINR aEnglish Language aLanguage